<?xml version="1.0" encoding="UTF-8"?>
<resp>
  <nextPage>https://data.bn.org.pl/api/networks/bibs.marcxml?marc=001+b1000000481642&amp;sinceId=1000000481643</nextPage>
  <collection>
    <record xmlns='http://www.loc.gov/MARC21/slim'><leader>05741nam a2201357 i 4500</leader><controlfield tag='001'>b1000000481642</controlfield><controlfield tag='005'>20260523071531.8</controlfield><controlfield tag='008'>200109s2019    pl a   e 6   |000 1 pol c</controlfield><controlfield tag='009'>9911305467405606</controlfield><datafield ind1=' ' ind2=' ' tag='015'><subfield code='a'>UWD 2020/3492</subfield></datafield><datafield ind1=' ' ind2=' ' tag='020'><subfield code='a'>9788328134829</subfield><subfield code='q'>(oprawa twarda)</subfield><subfield code='c'>zł 109,99</subfield></datafield><datafield ind1=' ' ind2=' ' tag='035'><subfield code='a'>xx004675566</subfield></datafield><datafield ind1=' ' ind2=' ' tag='035'><subfield code='a'>(PL)b1000000481642</subfield></datafield><datafield ind1=' ' ind2=' ' tag='040'><subfield code='a'>KR U</subfield><subfield code='c'>KR U</subfield><subfield code='d'>KR U</subfield><subfield code='d'>WA N</subfield><subfield code='d'>KR U</subfield><subfield code='d'>WA N</subfield></datafield><datafield ind1='1' ind2=' ' tag='041'><subfield code='a'>pol</subfield><subfield code='h'>eng</subfield></datafield><datafield ind1=' ' ind2=' ' tag='046'><subfield code='k'>2019</subfield><subfield code='o'>2008</subfield><subfield code='p'>2011</subfield></datafield><datafield ind1=' ' ind2=' ' tag='080'><subfield code='a'>821.111(73)-91</subfield></datafield><datafield ind1=' ' ind2=' ' tag='084'><subfield code='a'>19</subfield></datafield><datafield ind1='0' ind2='0' tag='245'><subfield code='a'>Punisher max.</subfield><subfield code='n'>T. 6 /</subfield><subfield code='c'>[tłumaczenie z języka angielskiego Marek Starosta].</subfield></datafield><datafield ind1='1' ind2='8' tag='246'><subfield code='a'>Punisher max comics.</subfield><subfield code='n'>T. 6</subfield></datafield><datafield ind1='1' ind2=' ' tag='246'><subfield code='i'>Tytuł oryginału:</subfield><subfield code='a'>Girls in white dresses</subfield></datafield><datafield ind1='1' ind2=' ' tag='246'><subfield code='i'>Tytuł oryginału:</subfield><subfield code='a'>6 hours to kill</subfield></datafield><datafield ind1='1' ind2=' ' tag='246'><subfield code='i'>Tytuł oryginału:</subfield><subfield code='a'>Force of nature</subfield></datafield><datafield ind1='1' ind2=' ' tag='246'><subfield code='i'>Tytuł oryginału:</subfield><subfield code='a'>Welcome to the Bayou</subfield></datafield><datafield ind1='1' ind2=' ' tag='246'><subfield code='i'>Tytuł oryginału:</subfield><subfield code='a'>Little black book</subfield></datafield><datafield ind1=' ' ind2=' ' tag='260'><subfield code='a'>Warszawa :</subfield><subfield code='b'>Wydawnictwo Egmont Polska,</subfield><subfield code='c'>2019.</subfield></datafield><datafield ind1=' ' ind2=' ' tag='300'><subfield code='a'>[438] stron :</subfield><subfield code='b'>ilustracje ;</subfield><subfield code='c'>27 cm.</subfield></datafield><datafield ind1=' ' ind2=' ' tag='336'><subfield code='a'>Tekst</subfield><subfield code='b'>txt</subfield><subfield code='2'>rdacontent</subfield></datafield><datafield ind1=' ' ind2=' ' tag='336'><subfield code='a'>Obraz</subfield><subfield code='b'>sti</subfield><subfield code='2'>rdacontent</subfield></datafield><datafield ind1=' ' ind2=' ' tag='337'><subfield code='a'>Bez urządzenia pośredniczącego</subfield><subfield code='b'>n</subfield><subfield code='2'>rdamedia</subfield></datafield><datafield ind1=' ' ind2=' ' tag='338'><subfield code='a'>Wolumin</subfield><subfield code='b'>nc</subfield><subfield code='2'>rdacarrier</subfield></datafield><datafield ind1=' ' ind2=' ' tag='380'><subfield code='a'>Książki</subfield></datafield><datafield ind1=' ' ind2=' ' tag='380'><subfield code='a'>Komiksy i książki obrazkowe</subfield></datafield><datafield ind1=' ' ind2=' ' tag='385'><subfield code='m'>Grupa wiekowa</subfield><subfield code='a'>Dorośli</subfield></datafield><datafield ind1=' ' ind2=' ' tag='385'><subfield code='m'>Grupa wiekowa</subfield><subfield code='a'>18+</subfield></datafield><datafield ind1=' ' ind2=' ' tag='386'><subfield code='m'>Przynależność kulturowa</subfield><subfield code='a'>Literatura amerykańska</subfield></datafield><datafield ind1='1' ind2=' ' tag='388'><subfield code='a'>2001-</subfield></datafield><datafield ind1='2' ind2=' ' tag='388'><subfield code='a'>2001-</subfield></datafield><datafield ind1='1' ind2=' ' tag='490'><subfield code='a'>Klub Świata Komiksu ;</subfield><subfield code='v'>album 1617</subfield></datafield><datafield ind1=' ' ind2=' ' tag='500'><subfield code='a'>Tytuł oryginału całości: Punisher max. Vol. 6. Tytuły oryginałów poszczególnych utworów: Girls in white dresses, 6 hours to kill, Force of nature, Welcome to the Bayou, Little black book. Tytuł grzbietowy: Punisher max comics. T. 6.</subfield></datafield><datafield ind1='0' ind2='0' tag='505'><subfield code='t'>Dziewczęta w białych sukienkach /</subfield><subfield code='r'>scenariusz Gregg Hurwitz ; rysunki Laurence Campbell ; kolory Lee Loughridge.</subfield><subfield code='t'>Sześć godzin do zabicia ; Siła natury /</subfield><subfield code='r'>scenariusz Duane Swierczynski ; rysunki Michel Lacombe ; kolory Val Staples i Stephane Peru (Siła natury).</subfield><subfield code='t'>Witajcie na Bayou ; Czarny notatnik /</subfield><subfield code='r'>scenariusz Victor Gischer ; rysunki Goran Parlov i Jefte Palo (Czarny notatnik) ; kolory Lee Loughridge.</subfield></datafield><datafield ind1='8' ind2=' ' tag='521'><subfield code='a'>Tylko dla dorosłych.</subfield></datafield><datafield ind1='0' ind2='7' tag='600'><subfield code='a'>Punisher</subfield><subfield code='c'>(postać fikcyjna)</subfield><subfield code='2'>DBN</subfield></datafield><datafield ind1=' ' ind2='7' tag='650'><subfield code='a'>Zemsta</subfield><subfield code='2'>DBN</subfield></datafield><datafield ind1=' ' ind2='7' tag='650'><subfield code='a'>Superbohaterowie</subfield><subfield code='2'>DBN</subfield></datafield><datafield ind1=' ' ind2='7' tag='650'><subfield code='a'>Przestępstwo</subfield><subfield code='2'>DBN</subfield></datafield><datafield ind1=' ' ind2='7' tag='655'><subfield code='a'>Sensacja (rodzaj/gatunek)</subfield><subfield code='2'>DBN</subfield></datafield><datafield ind1=' ' ind2='7' tag='655'><subfield code='a'>Komiks</subfield><subfield code='2'>DBN</subfield></datafield><datafield ind1='1' ind2=' ' tag='700'><subfield code='a'>Peru, Stephane</subfield><subfield code='d'>(1981-2008)</subfield><subfield code='e'>Ilustracje</subfield></datafield><datafield ind1='1' ind2='2' tag='700'><subfield code='a'>Gischler, Victor</subfield><subfield code='d'>(1969- ).</subfield><subfield code='t'>Witajcie na Bayou</subfield></datafield><datafield ind1='1' ind2=' ' tag='700'><subfield code='a'>Loughridge, Lee</subfield><subfield code='e'>Ilustracje</subfield></datafield><datafield ind1='1' ind2=' ' tag='700'><subfield code='a'>Parlov, Goran</subfield><subfield code='d'>(1967- )</subfield><subfield code='e'>Ilustracje</subfield></datafield><datafield ind1='1' ind2='2' tag='700'><subfield code='a'>Hurwitz, Gregg Andrew</subfield><subfield code='d'>(1973- ).</subfield><subfield code='t'>Girls in white dresses</subfield><subfield code='l'>(pol.)</subfield></datafield><datafield ind1='1' ind2=' ' tag='700'><subfield code='a'>Campbell, Laurence</subfield><subfield code='e'>Ilustracje</subfield></datafield><datafield ind1='1' ind2=' ' tag='700'><subfield code='a'>Starosta, Marek</subfield><subfield code='c'>(tłumacz)</subfield><subfield code='e'>Tłumaczenie</subfield></datafield><datafield ind1='1' ind2=' ' tag='700'><subfield code='a'>Loughridge, Lee</subfield><subfield code='e'>Ilustracje</subfield></datafield><datafield ind1='1' ind2='2' tag='700'><subfield code='a'>Swierczynski, Duane</subfield><subfield code='d'>(1972- ).</subfield><subfield code='t'>Force of nature</subfield><subfield code='l'>(pol.)</subfield></datafield><datafield ind1='1' ind2='2' tag='700'><subfield code='a'>Swierczynski, Duane</subfield><subfield code='d'>(1972- ).</subfield><subfield code='t'>6 hours to kill</subfield><subfield code='l'>(pol.)</subfield></datafield><datafield ind1='1' ind2=' ' tag='700'><subfield code='a'>Palo, Jefte</subfield><subfield code='e'>Ilustracje</subfield></datafield><datafield ind1='1' ind2='2' tag='700'><subfield code='a'>Gischler, Victor</subfield><subfield code='d'>(1969- ).</subfield><subfield code='t'>Czarny notatnik</subfield></datafield><datafield ind1='1' ind2=' ' tag='700'><subfield code='a'>Staples, Val</subfield><subfield code='e'>Ilustracje</subfield></datafield><datafield ind1='1' ind2=' ' tag='700'><subfield code='a'>Lacombe, Michel</subfield><subfield code='d'>(1973- )</subfield><subfield code='e'>Ilustracje</subfield></datafield><datafield ind1='2' ind2=' ' tag='710'><subfield code='a'>Egmont Polska</subfield><subfield code='e'>Wydawca</subfield><subfield code='4'>pbl</subfield></datafield><datafield ind1=' ' ind2='0' tag='830'><subfield code='a'>Klub Świata Komiksu</subfield><subfield code='v'>album 1617</subfield></datafield><datafield ind1=' ' ind2=' ' tag='852'><subfield code='8'>22604382420005066</subfield><subfield code='j'>1</subfield><subfield code='h'>3.098.953 A</subfield><subfield code='b'>BN_PL</subfield><subfield code='p'>30001027830206</subfield><subfield code='c'>bk1</subfield></datafield><datafield ind1=' ' ind2=' ' tag='852'><subfield code='b'>48OMNIS_WBPO</subfield><subfield code='8'>991004718899707665</subfield></datafield><datafield ind1=' ' ind2=' ' tag='852'><subfield code='b'>48OMNIS_UMKWT</subfield><subfield code='8'>991013081879706926</subfield></datafield><datafield ind1=' ' ind2=' ' tag='852'><subfield code='8'>2284022770007662</subfield><subfield code='j'>0</subfield><subfield code='b'>58</subfield><subfield code='p'>4001250715</subfield><subfield code='c'>58</subfield></datafield><datafield ind1=' ' ind2=' ' tag='852'><subfield code='b'>48OMNIS_WBP</subfield><subfield code='8'>990013668030308414</subfield></datafield><datafield ind1=' ' ind2=' ' tag='852'><subfield code='8'>22741938400008414</subfield><subfield code='j'>1</subfield><subfield code='b'>143WG</subfield><subfield code='p'>14301-100474188</subfield><subfield code='c'>W</subfield><subfield code='z'>Wariant wydania: 2019</subfield></datafield><datafield ind1=' ' ind2=' ' tag='852'><subfield code='b'>48OMNIS_NLOP</subfield><subfield code='8'>991052605154405066</subfield></datafield><datafield ind1=' ' ind2=' ' tag='852'><subfield code='b'>48OMNIS_NETWORK</subfield><subfield code='8'>9911305467405606</subfield></datafield><datafield ind1=' ' ind2=' ' tag='852'><subfield code='8'>22852667060008836</subfield><subfield code='j'>1</subfield><subfield code='b'>WBPL</subfield><subfield code='p'>230000304629</subfield><subfield code='c'>DZS</subfield></datafield><datafield ind1=' ' ind2=' ' tag='852'><subfield code='8'>22554159640005067</subfield><subfield code='j'>1</subfield><subfield code='h'>A 952149 III</subfield><subfield code='b'>BJ</subfield><subfield code='p'>1002729321</subfield><subfield code='c'>BJ_BRAN_A</subfield></datafield><datafield ind1=' ' ind2=' ' tag='852'><subfield code='8'>2244913090007665</subfield><subfield code='j'>1</subfield><subfield code='b'>48WBPOWYP</subfield><subfield code='p'>000-148328-C</subfield><subfield code='c'>WYPWYP</subfield></datafield><datafield ind1=' ' ind2=' ' tag='852'><subfield code='8'>22823792610008206</subfield><subfield code='j'>0</subfield><subfield code='b'>UOP</subfield><subfield code='p'>625281</subfield><subfield code='c'>CZYT</subfield></datafield><datafield ind1=' ' ind2=' ' tag='852'><subfield code='b'>48OMNIS_UOP</subfield><subfield code='8'>990008121130108206</subfield></datafield><datafield ind1=' ' ind2=' ' tag='852'><subfield code='b'>48OMNIS_UJA</subfield><subfield code='8'>991016559569605067</subfield></datafield><datafield ind1=' ' ind2=' ' tag='852'><subfield code='8'>22604382570005066</subfield><subfield code='j'>1</subfield><subfield code='h'>2.987.882</subfield><subfield code='b'>BN_PL</subfield><subfield code='p'>30001027830190</subfield><subfield code='c'>bk8</subfield></datafield><datafield ind1=' ' ind2=' ' tag='852'><subfield code='8'>22348512850006926</subfield><subfield code='j'>1</subfield><subfield code='h'>MG_bg</subfield><subfield code='b'>TORU</subfield><subfield code='p'>300051272984</subfield><subfield code='c'>MG_bg</subfield></datafield><datafield ind1=' ' ind2=' ' tag='852'><subfield code='8'>22554159610005067</subfield><subfield code='j'>1</subfield><subfield code='h'>B 799519 III</subfield><subfield code='b'>BJ</subfield><subfield code='p'>1002729322</subfield><subfield code='c'>BJ_MAG</subfield></datafield><datafield ind1=' ' ind2=' ' tag='852'><subfield code='8'>22803955920008210</subfield><subfield code='j'>1</subfield><subfield code='b'>PASJA</subfield><subfield code='p'>10960847</subfield><subfield code='c'>lokPs</subfield><subfield code='z'>Tom: T. 6</subfield></datafield><datafield ind1=' ' ind2=' ' tag='852'><subfield code='8'>2284022790007662</subfield><subfield code='j'>1</subfield><subfield code='b'>12</subfield><subfield code='p'>4001242237</subfield><subfield code='c'>12</subfield></datafield><datafield ind1=' ' ind2=' ' tag='852'><subfield code='b'>48OMNIS_WBPL</subfield><subfield code='8'>991000802069708836</subfield></datafield><datafield ind1=' ' ind2=' ' tag='852'><subfield code='b'>48OMNIS_MBPG</subfield><subfield code='8'>991001885289708210</subfield></datafield><datafield ind1=' ' ind2=' ' tag='852'><subfield code='b'>48OMNIS_MBP</subfield><subfield code='8'>990003320830207662</subfield></datafield><datafield ind1=' ' ind2=' ' tag='920'><subfield code='a'>978-83-281-3482-9 (oprawa twarda) : zł 109,99</subfield></datafield></record>
  </collection>
</resp>
